000 01575cam0 2200373 ib4500
001 BY-MI0001-br8961584
010 ^a978-5-378-34639-4
^d12.89 р.
035 ^a(BY-MI0001)BY-MI0001-br8961584
100 ^a20251216d2025 b y0rusy50 ca
101 0 ^arus
102 ^aRU
105 ^aa z 000gy
109 ^ama
200 1 ^aАриша на прогулке
^e[стихи
^eдля дошкольного возраста]
^fЕлена Бурак
^g[художник Мария Амелина]
210 ^aАксай
^cПроф-Пресс
^d2025
215 ^a15 с.
^cцв. ил.
^d28x15
225 1 ^aСерия "Кукла-книжка"
300 ^aКнижка-вырубка на картоне
300 ^aНа обложке автор не указан
333 ^a0+
345 ^94200 экз.
606 ^aРУССКАЯ ЛИТЕРАТУРА
^3BY-NLB-ar28702
^2DVNLB
606 ^aХУДОЖЕСТВЕННАЯ ЛИТЕРАТУРА
^3BY-NLB-ar37179
^2DVNLB
608 ^aСТИХОТВОРЕНИЕ
^3BY-NLB-ar32087
^2BYGNR
608 ^aДЕТСКАЯ И ЮНОШЕСКАЯ ЛИТЕРАТУРА (художеств. произведение)
^3BY-NLB-ar9019
^2BYGNR
686 ^aД
^2rubbk
690 ^a1
^2Base
^9BY-MI0001
^xRSEK
700 1 ^aБурак
^bЕ. С.
^gЕлена Сергеевна
^cписатель
^fрод. 1984
^3BY-SEK-ar15040368
702 1 ^aАмелина
^bМ.
^gМария
^4040
801 0 ^aBY
^bBY-MI0001
^c20251216
^gRCR
899 0 ^aBY-MI0001
^iБ90
^hД